Pokémon mit fehlenden Buchstaben - Statistiken

Allgemein
  • Dieses Quiz wurde 85 mal gespielt
  • Das Durchschnittsergebnis liegt bei 6 aus 7
Antwortstatistiken
Pokémon fehl. Buchstabe(n) % Korrekt
Aalayss Aalabyss = b
100%
br Abra = A
100%
Aeroperyx Aeropteryx = t
100%
Alpll Alpollo = o
100%
Arbk Arbok = o
100%
Arcus Arceus = e
100%
Ausos Austos = t
100%
Azumaill Azumarill = r
100%
Balorfish Baldorfish = d
100%
Bamein Bamelin = l
100%
Bau Bauz = z
100%
Belletro Bellektro = k
100%
ior Bibor = B
100%
Bdfas Bidifas = i
100%
idiza Bidiza = B
100%
Bisafor Bisaflor = l
100%
Bisknosp Bisaknosp = a
100%
Bisaam Bisasam = s
100%
Bissbrk Bissbark = a
100%
Blublla Blubella = e
100%
Boros Boreos = e
100%
Braawarz Branawarz = n
100%
Clbi Celebi = l
100%
Charian Charmian = m
100%
Coiffaff Coiffwaff = w
100%
Corsonn Corasonn = a
100%
Ddnn Dedenne = e
100%
Digdi Digdri = r
100%
Dragnir Dragonir = o
100%
Draoran Dragoran = g
100%
ratini Dratini = D
100%
Dufor Duflor = l
100%
Duokes Duokles = l
100%
Eoserp Efoserp = f
100%
Eleid Elekid = k
100%
Eleard Elezard = z
100%
lzba Elezeba = E
100%
Emoga Emolga = l
100%
Enec Eneco = o
100%
Enekr Enekoro = o
100%
Entn Enton = o
100%
Entrn Entoron = o
100%
Evol Evoli = i
100%
Feeinara Feelinara = l
100%
Flmr Flamara = a
100%
Flegmn Flegmon = o
100%
Fleli Flemmli = m
100%
Floin Floink = k
100%
Flunchlik Flunschlik = s
100%
Foliurba Folipurba = p
100%
Frubil Frubaila = a
100%
Fuano Fukano = k
100%
Grdos Garados = a
100%
Geckaror Geckarbor = b
100%
Gelawino Gelatwino = t
100%
enar Gengar = G
100%
Geook Georok = r
100%
Glumnd Glumanda = a
100%
Glurk Glurak = a
100%
Gluteo Glutexo = x
100%
Golba Golbat = t
100%
Gobit Golbit = l
100%
Grabull Granbull = n
100%
Grichita Grillchita = l
100%
Gillmak Grillmak = r
100%
Grudn Groudon = o
100%
Gua Gufa = f
100%
Halupnjo Halupenjo = e
100%
Haspror Haspiror = i
100%
Heatan Heatran = r
100%
Hiootas Hippopotas = p
100%
Hpa Hoop = o
100%
Horniu Hornliu = l
100%
Imergator Impergator = p
100%
Jirchi Jirachi = a
100%
Juon Jugong = g
100%
urob Jurob = J
100%
Kautops Kabutops = b
100%
Kabto Kabuto = u
100%
Kdbr Kadabra = a
100%
Kngm Kangama = a
100%
Kapu - oro Kapu - Toro = T
100%
Krpdor Karpador = a
100%
Kclon Kecleon = e
100%
iugi Kikugi = K
100%
Kinger Kingler = l
100%
Kirli Kirlia = a
100%
Kleintein Kleinstein = s
100%
Knakack Knakrack = r
100%
narsel Knarksel = K
100%
Kilz Knilz = n
100%
Knoa Knogga = g
100%
Knopi Knospi = s
100%
Koaeu Koalelu = l
100%
Kokoei Kokowei = w
100%
Kray Krabby = b
100%
Kyore Kyogre = g
100%
Laados Lavados = v
100%
Ledba Ledyba = y
100%
Lektrbal Lektrobal = o
100%
Lieiskus Liebiskus = b
100%
orbatt Lorblatt = L
100%
Luia Lugia = g
100%
Luminon Lumineon = e
100%
Lumipro Lumispross = s
100%
Magnaen Magnayen = y
100%
Magnton Magneton = e
100%
Makaaja Makabaja = b
100%
Manaph Manaphy = y
100%
Manunior Mangunior = g
100%
Maill Marill = r
100%
Maui Mauzi = z
100%
Medialis Meditales = t
100%
Meletta Meloetta = o
100%
Mitoos Mitodos = d
100%
olliorba Mollimorba = M
100%
Moorbbel Moorabbel = a
100%
Murmur Muramura = a
100%
Myrpl Myrapla = a
100%
Neuak Nebulak = b
100%
Ninask Ninjask = j
100%
Ninjtom Ninjatom = a
100%
Notuh Noctuh = c
100%
Ohroch Ohrdoch = d
100%
Papiella Papinella = n
100%
Prs Paras = a
100%
Pihu Pichu = c
100%
ii Pii = P
100%
Piachu Pikachu = k
100%
Pisir Pinsir = n
100%
ixi Pixi = P
100%
Pokuan Pokusan = s
100%
Pgraulon Pygraulon = y
100%
Pyroeo Pyroleo = l
100%
Quasel Quapsel = p
100%
Quikl Quiekel = e
100%
Raihu Raichu = c
100%
Rattiarl Rattikarl = k
100%
Regie Regice = c
100%
Rihrn Rihorn = o
100%
Sadamer Sandamer = n
100%
Sarenia Sarzenia = z
100%
Schiy Schiggy = g
100%
Schligkig Schlingking = n
100%
Schlrplek Schlrplek = u
100%
Schlrp Schlurp = u
100%
Scherbe Schmerbe = m
100%
Seemos Seemops = p
100%
Spr Seeper = e
100%
Serifeu Serpifeu = p
100%
Sisala Simsala = m
100%
Sleia Sleima = m
100%
Sleiok Sleimok = m
100%
Smomo Smogmog = g
100%
Smoon Smogon = g
100%
Snieel Sniebel = b
100%
Snoblkat Snobilikat = i
100%
Sodmk Sodamak = a
100%
Solaleo Solgaleo = g
100%
Sofel Sonnfel = n
100%
Sthlos Stahlos = a
100%
Sterdu Sterndu = n
100%
Stollak Stollrak = r
100%
Tagoloss Tangoloss = n
100%
Tauoss Tauboss = b
100%
Taros Tauros = u
100%
Teiursa Teddiursa = d
100%
Togtic Togetic = e
100%
Tohido Tohaido = a
100%
Tornpto Tornupto = u
100%
Tragss Tragosso = o
100%
Trsl Trasla = a
100%
Tramato Traumato = u
100%
Troius Tropius = p
100%
Vegihita Vegichita = c
100%
Venufibis Venuflibis = l
100%
Vesrit Vesprit = p
100%
Viscgn Viscogon = o
100%
Visora Viscora = c
100%
Voltila Voltilamm = m
100%
Volumias Voluminas = n
100%
Waat Waaty = y
100%
Waribie Wadribie = d
100%
Wilmer Wailmer = a
100%
Wailrd Wailord = o
100%
Waupel Waumpel = m
100%
Wearak Webarak = b
100%
Winull Wingull = g
100%
anma Yanma = Y
100%
Zapos Zapdos = d
100%
Zebitz Zebritz = r
100%
Zuat Zubat = b
100%
Phioe Phione = n
75%
Knackion Knacklion = l
67%
Peipper Pelipper = l
67%
Shnbdck Shnebedeck = e
67%
Chneir Chaneira = a
50%
ori Dodri = D
50%
Eguaa Eguana = n
50%
Fasasob Fasasnob = n
50%
Firo Fiaro = a
50%
Flaiau Flamiau = m
50%
Flffelff Fluffeluff = u
50%
Fugro Fuegro = e
50%
apilz Kapilz = K
50%
Klokett Klonkett = n
50%
Magargo Magcargo = c
50%
Moai Mobai = b
50%
Nau Natu = t
50%
Noktuka Noktuska = s
50%
Palipali Palimpalim = m
50%
Pionragi Piondragi = d
50%
uitar Pupitar = P
50%
Sefe Selfe = l
50%
Shnrgarst Shnurgarst = u
50%
Simsl Simsala = a
50%
Sodahita Sodachita = c
50%
Stllss Stolloss = l
50%
Usaing Ursaring = r
50%
Lefeo Leufeo = u
33%
Aerodatyl Aerodactyl =c
0%
Amaara Amagarga = g
0%
Amgento Amigento = i
0%
Amonias Amonitas = t
0%
Aoroso Amoroso = n
0%
Amharos Ampharos = p
0%
Auana Aquana = q
0%
ridos Ariados = A
0%
Arani Arkani = k
0%
Aktos Arktos = r
0%
Azrill Azurill = u
0%
Balgras Balgoras = o
0%
Blitz Blitza = a
0%
Blzk Bluzuk = u
0%
Boelin Bojelin = j
0%
Bummlz Bummelz = e
0%
Burmdme Burmadame = a
0%
Burm Burmy = y
0%
Caaub Camaub = m
0%
Cerpendr Cerapendra = a
0%
Cheast Chelast = l
0%
Crsslia Cresselia = e
0%
Cureei Curelei = l
0%
Dida Digda = g
0%
Dio Ditto = t
0%
Dod Dodu = u
0%
uoino Duodino = D
0%
Eisenlatt Eisenblatt = b
0%
lktk Elektek = e
0%
Endiie Endivie = v
0%
Farbagl Farbeagle = e
0%
Felio Felino = n
0%
Flenoil Fleknoil = k
0%
Fomeo Formeo = r
0%
Frielbli Frizelbliz = z
0%
Gallpa Gallopa = o
0%
Ganvil Ganovil = o
0%
Geheiher Gehweiher = w
0%
Geltini Gelatini = a
0%
Geowa Geowaz = z
0%
Gerdks Geradaks = a
0%
Gewldro Gewaldro = a
0%
Giflr Giflor = o
0%
Giafaig Girafarig = r
0%
Gldintri Gladiantri = a
0%
Glazila Glaziola = o
0%
Golini Goldini = d
0%
Goling Golking = k
0%
Guarevoir Guardevoir = d
0%
Hoothoot Hoothoot
0%
Hppl Hopplo = o
0%
Horrrba Horrerba = e
0%
Hdropi Hydropi = y
0%
Hypo Hypnos = n
0%
Jiueso Jiutesto = t
0%
Karaonis Karadonis = d
0%
Kifl Keifel = e
0%
Keleo Keldeo = d
0%
Kiklee Kicklee = c
0%
Kingpim Klingplim = l
0%
Kofesa Knofensa = n
0%
Knueluff Knuddeluff = d
0%
ouna Kokuna = K
0%
umarda Kukmarda = K
0%
Lamus Lahmus = h
0%
Laras Lapras = p
0%
Lascoking Laschoking = h
0%
Leian Ledian = d
0%
Lunl Lunala = a
0%
Lunasein Lunastein = t
0%
Macollo Machollo = h
0%
Mahomei Machomei = c
0%
Magb Magby = y
0%
agar Magmar = M
0%
Manetilo Magnetilo = g
0%
apfaxo Mampfaxo = M
0%
Mamtel Mamutel = u
0%
Maraamba Maracamba = c
0%
Mschock Maschock = a
0%
Me Mew = w
0%
Mieunder Miezunder = z
0%
Mlotc Milotic = i
0%
Mimima Mimigma = g
0%
Moelbaum Mogelbaum = g
0%
Muscas Muschas = h
0%
Nidoueen Nidoqueen = q
0%
Nincd Nincada = a
0%
Oliviio Oliviio = n
0%
Oliinio Olivinio = v
0%
Oot Omot = m
0%
Oni Onix = x
0%
wei Owei = O
0%
Papross Pampross = m
0%
Pankon Panekon = e
0%
Panimos Pantimos = t
0%
Prsek Parasek = a
0%
Pipi Piepi = e
0%
lirin Pliprin = P
0%
Ponia Ponita = t
0%
Porent Porenta = a
0%
Porgon Porygon = y
0%
Pudo Pudox = x
0%
Pueluff Pummeluff = m
0%
Quautzi Quaputzi = p
0%
Quao Quaxo = x
0%
Rafraz Rattfratz = t
0%
Raup Raupy = y
0%
Relxo Relaxo = a
0%
Rieros Rizeros = z
0%
Safon Safcon = c
0%
Sgnbyss Saganabyss = a
0%
Sndn Sandan = a
0%
Schluckech Schluckwech = w
0%
Schlppck Schluppuck = u
0%
Seedaking Seedraking = r
0%
Seeong Seejong = j
0%
Seriroyal Serpiroyal = p
0%
Smettb Smettbo = o
0%
Subbull Snubbull = n
0%
Starie Starmie = m
0%
Tanela Tangela = g
0%
Tentaha Tentacha = c
0%
Toekiss Togekiss = g
0%
Toepi Togepi = g
0%
Trikehalo Trikephalo = p
0%
Tuknon Tukanon = a
0%
Uafnir Uhafnir = h
0%
Ultriaria Ultrigaria = g
0%
Veimak Vegimak = g
0%
Vibava Vibrava = r
0%
Viitis Vipitis = p
0%
Viriium Viridium = d
0%
Volobal Voltobal = t
0%
Vunona Vulnona = l
0%
Vulpi Vulpix = x
0%
Wieor Wiesor = s
0%
Woel Wommel = m
0%
erneas Xerneas = X
0%
Yanega Yanmega = m
0%
orkleff Yorkleff = Y
0%
Yvltal Yveltal = e
0%
igachs Zigzachs = Z
0%
irpure Zirpurze = Z
0%
Zoiris Zobiris = b
0%
Zwoock Zwollock = l
0%
Keine übereinstimmenden Quizze gefunden
Verteilung der Resultate
Anzahl Personen mit jedem Resultat
Perzentil nach korrekt beantworteten Fragen
Ihre Resultats-Entwicklung
Sie haben dieses Quiz noch nicht gespielt